| 000 | 00724nam a2200217 4500 | ||
|---|---|---|---|
| 001 | 145459 | ||
| 003 | ES-MaACL | ||
| 005 | 20230906201234.0 | ||
| 007 | t| | ||
| 008 | 070214s1978 sp r ||||1| spa d | ||
| 100 | 1 |
_aSperber, Dan. _9107699 |
|
| 245 | 1 | 3 |
_aEl simbolismo en general / _cDan Sperber ; prólogo de María Jesús Buxó ; traducción de J. M. García de la Mora. |
| 260 |
_aBarcelona : _bPromoción Cultural, _c1978. |
||
| 300 |
_a187 p. ; _c20 cm. |
||
| 490 | 1 | _aTemas antropológicos | |
| 700 | 1 |
_aBuxó Rey, María Jesús. _932987 |
|
| 700 | 1 |
_aGarcía de la Mora, José Manuel. _954451 |
|
| 830 | 0 |
_aTemas antropológicos _9182724 |
|
| 852 |
_aES-MaACL _jL-4325 _bR.105249 |
||
| 999 |
_c145459 _d145459 |
||